[Event "89th Hastings Masters 2013-14"]
[Site "Hastings ENG"]
[Date "2014.01.04"]
[Round "8.19"]
[White "Croad, Nicolas"]
[Black "Helmer, Christoph"]
[Result "1/2-1/2"]
[WhiteTitle "FM"]
[WhiteElo "2272"]
[BlackElo "2037"]
[WhiteFideId "4300793"]
[BlackFideId "24606642"]
[EventDate "2013.12.28"]

1. d4 Nf6 2. Nf3 g6 3. Bg5 Bg7 4. Nbd2 O-O 5. c3 d5 6. e3 b6 7. Bd3 c5 8. O-O
Nc6 9. h3 Bb7 10. Qb1 Qd7 11. b4 cxb4 12. cxb4 Rfc8 13. Bf4 Ne8 14. Qb3 Nd6 15.
Rac1 a6 16. a3 Rc7 17. Nb1 Rac8 18. Nc3 e6 19. Na4 Qd8 20. Rc2 Na7 21. Rfc1 Rxc2
22. Rxc2 Rxc2 23. Qxc2 Nab5 24. Bxd6 Nxd6 25. Nb2 Bf8 26. Ne5 f6 27. Ng4 Kf7 28.
Nh2 Qc8 1/2-1/2

[Event "89th Hastings Masters 2013-14"]
[Site "Hastings ENG"]
[Date "2014.01.04"]
[Round "8.20"]
[White "Stewart, Neil"]
[Black "Mueller, Constantin"]
[Result "1-0"]
[WhiteTitle "FM"]
[WhiteElo "2258"]
[BlackElo "2047"]
[WhiteFideId "4636988"]
[BlackFideId "24697630"]
[EventDate "2013.12.28"]

1. c4 c6 2. g3 d5 3. Nf3 Nf6 4. Bg2 Bg4 5. Ne5 Bh5 6. cxd5 cxd5 7. Qa4+ Nbd7 8.
Nc3 e6 9. g4 Bg6 10. h4 b5 11. Nxb5 Nxe5 12. Nc7+ Ke7 13. Nxa8 Qxa8 14. h5 Be4
15. f3 Nexg4 16. fxe4 dxe4 17. Rh3 Kd8 18. Qd4+ Qd5 19. Qxd5+ exd5 20. d3 Bc5
21. dxe4 dxe4 22. Bg5 Kd7 23. Rc3 Bb4 24. O-O-O+ Ke6 25. Rc4 Rb8 26. Bh3 Ke5 27.
e3 Rb7 28. Rdd4 1-0

[Event "89th Hastings Masters 2013-14"]
[Site "Hastings ENG"]
[Date "2014.01.04"]
[Round "8.21"]
[White "Eames, Robert S"]
[Black "McPhillips, Joseph"]
[Result "0-1"]
[WhiteTitle "FM"]
[WhiteElo "2195"]
[BlackElo "2199"]
[WhiteFideId "408743"]
[BlackFideId "422487"]
[EventDate "2013.12.28"]

1. e4 e6 2. d4 d5 3. Nc3 Nf6 4. Bg5 Bb4 5. e5 h6 6. Be3 Ne4 7. Qg4 g6 8. a3
Bxc3+ 9. bxc3 c5 10. Bd3 h5 11. Qf4 g5 12. Qf3 Nxc3 13. dxc5 d4 14. Bd2 Bd7 15.
Qf6 Qxf6 16. exf6 Bc6 17. Nf3 Bxf3 18. gxf3 Nd7 19. c6 bxc6 20. Bxc3 dxc3 21.
Be4 O-O-O 22. Rg1 Nxf6 23. Bxc6 Kc7 24. Bb5 Rd5 25. a4 Rhd8 26. Rb1 Re5+ 27. Kf1
Rd2 28. f4 Rf5 29. Rxg5 Rxf4 30. Rc5+ Kd6 31. Rc6+ Ke7 32. Be2 Ng4 33. Rb7+ Kf6
34. f3 Nxh2+ 35. Ke1 Rxc2 36. Rcc7 Kg7 37. Rxa7 Nxf3+ 38. Bxf3 Rxf3 0-1

[Event "89th Hastings Masters 2013-14"]
[Site "Hastings ENG"]
[Date "2014.01.04"]
[Round "8.22"]
[White "Repplinger, Marc"]
[Black "Haria, Ravi"]
[Result "1-0"]
[WhiteElo "2245"]
[BlackElo "2160"]
[WhiteFideId "4651120"]
[BlackFideId "415820"]
[EventDate "2013.12.28"]

1. f4 Nf6 2. Nf3 c5 3. d3 d5 4. e3 g6 5. Be2 Bg7 6. O-O O-O 7. Qe1 Nc6 8. a4 Re8
9. Qg3 Bg4 10. Nc3 Bxf3 11. Bxf3 Qd7 12. e4 d4 13. Nb1 e5 14. f5 Nb4 15. Bd1 c4
16. Bd2 a5 17. Bg5 Ra6 18. Na3 Qxa4 19. c3 Qd7 20. fxg6 hxg6 21. Bxf6 Bxf6 22.
Bg4 Qc7 23. cxb4 axb4 24. Nxc4 Rxa1 25. Rxa1 b5 26. Nd2 Qc2 27. Nf1 Qxb2 28. Ra6
Bg5 29. Bd7 Qc1 30. Qf3 Re7 31. Bxb5 b3 32. Bc4 b2 33. Ba2 Kg7 34. h4 Be3+ 35.
Kh2 Bf4+ 36. g3 b1=Q 37. Bxb1 Qxb1 38. gxf4 Qe1 39. Ng3 Rc7 40. Ra2 Qb1 41. Rf2
Rc2 42. Rxc2 Qxc2+ 43. Qe2 Qc1 44. f5 Qf4 45. Kh3 1-0

[Event "89th Hastings Masters 2013-14"]
[Site "Hastings ENG"]
[Date "2014.01.04"]
[Round "8.23"]
[White "Degro, Heiko"]
[Black "Snape, Ian L"]
[Result "1/2-1/2"]
[WhiteElo "2060"]
[BlackElo "2229"]
[WhiteFideId "24666122"]
[BlackFideId "404489"]
[EventDate "2013.12.28"]

1. d4 c5 2. c3 Nf6 3. Nf3 b6 4. g3 Bb7 5. Bg2 g6 6. O-O Bg7 7. Re1 O-O 8. Qb3
Qc7 9. Bf4 d6 10. a4 Nc6 11. Bc1 Na5 12. Qd1 e5 13. e3 Rfe8 14. b4 Nc4 15. Na3
Nxa3 16. Bxa3 Rad8 17. Rc1 h6 18. bxc5 dxc5 19. Qb3 Bd5 20. Qd1 Be4 21. a5 Qb7
22. axb6 axb6 23. Nh4 Bxg2 24. Nxg2 Ne4 25. Qf3 cxd4 26. cxd4 exd4 27. exd4 Bxd4
28. Ne3 Nc5 29. Qxb7 Nxb7 30. Ng4 Kg7 31. Rxe8 Rxe8 32. Rd1 Bf6 33. Rd7 Nc5 34.
Bxc5 bxc5 35. Nxf6 Kxf6 36. Rc7 Re1+ 37. Kg2 Rc1 38. h4 h5 39. Kf3 Ke6 40. Kf4
Rc4+ 41. Ke3 f6 42. Kd3 Rd4+ 43. Ke3 Kd5 44. Rg7 Rg4 45. Rf7 f5 46. Rc7 Kc4 47.
Rb7 Kc3 48. Rb6 c4 49. Rb8 Kc2 50. Rc8 c3 51. Rc6 Kb2 52. Kd3 f4 53. Rb6+ Kc1
54. Kxc3 fxg3 55. fxg3 Rxg3+ 56. Kd4 Kd2 57. Ke4 Ke2 58. Rb2+ Kf1 59. Kf4 Rg2
60. Rb6 Kf2 61. Rb2+ Kg1 62. Rb1+ Kh2 63. Kf3 Rg3+ 64. Kf4 Rg2 65. Kf3 Rg4 66.
Ra1 Rb4 67. Ra6 Rb3+ 68. Kf4 Rb4+ 69. Kf3 Rg4 70. Ra1 g5 71. hxg5 Rxg5 72. Ra2+
Kh3 73. Ra1 Rf5+ 74. Ke4 Rf2 75. Rh1+ Kg4 76. Rg1+ Kh4 77. Rh1+ Kg5 78. Rg1+ Kf6
79. Rg8 Ra2 80. Kf4 Ra1 81. Kf3 Kf5 82. Rg2 Ra3+ 83. Kf2 Kf4 84. Kg1 Rh3 85.
Rf2+ Ke3 86. Rf8 Rg3+ 87. Kh2 h4 88. Rh8 Kf2 89. Rf8+ Ke3 1/2-1/2

[Event "89th Hastings Masters 2013-14"]
[Site "Hastings ENG"]
[Date "2014.01.04"]
[Round "8.24"]
[White "Lenier, Jude A"]
[Black "Rowe, Duane"]
[Result "1/2-1/2"]
[BlackTitle "CM"]
[WhiteElo "2082"]
[BlackElo "2218"]
[WhiteFideId "470678"]
[BlackFideId "7400268"]
[EventDate "2013.12.28"]

1. e4 c5 2. Nf3 e6 3. d4 cxd4 4. Nxd4 Nc6 5. Nc3 Qc7 6. Be3 a6 7. g3 Nf6 8. Bg2
Nxd4 9. Qxd4 Bd6 10. Rd1 Be5 11. Qb4 b5 12. f4 Bxc3+ 13. bxc3 Bb7 14. Bd4 Rc8
15. O-O h5 16. Rf2 Qc4 17. Qd6 Qc7 18. Qa3 Nxe4 19. Bxe4 Bxe4 20. Bxg7 Rg8 21.
Bf6 Qc5 22. Qxa6 Ra8 23. Qd6 Qxd6 24. Rxd6 Rg6 25. Bh4 Rxa2 26. Re2 Ra4 27. Rb6
f5 28. Rxb5 Kf7 29. Rb8 Rg8 30. Rxg8 Kxg8 31. Kf2 Ra2 32. Ke3 Rxc2 1/2-1/2

[Event "89th Hastings Masters 2013-14"]
[Site "Hastings ENG"]
[Date "2014.01.04"]
[Round "8.25"]
[White "Fernandez, Michael"]
[Black "Schuster, Martin"]
[Result "1/2-1/2"]
[WhiteElo "1975"]
[BlackElo "2209"]
[WhiteFideId "5803560"]
[BlackFideId "4651294"]
[EventDate "2013.12.28"]

1. b4 d5 2. Nf3 Nf6 3. Bb2 e6 4. b5 c5 5. e3 Nbd7 6. c4 b6 7. d4 cxd4 8. exd4
Bb7 9. Nc3 Rc8 10. Be2 dxc4 11. O-O Bd6 12. Nd2 Bd5 13. Qa4 Qc7 14. h3 O-O 15.
Ba3 Bxa3 16. Qxa3 Qb7 17. Bf3 Bxf3 18. Nxf3 Rfd8 19. Rac1 Rc7 20. Rc2 Rdc8 21.
Rfc1 Ne4 22. Nd1 Qd5 23. Qb4 Qd6 24. Qxd6 Nxd6 25. a4 Ne4 26. Nc3 Nxc3 27. Rxc3
Nf6 28. Ne5 Ne4 29. Rxc4 Rxc4 30. Rxc4 Rxc4 31. Nxc4 Nc3 32. Ne5 Nxa4 33. Nc6
Nc3 34. Nxa7 Ne2+ 35. Kf1 Nxd4 36. Ke1 Kf8 37. Kd2 Ke8 38. Kd3 Nf5 39. Nc8 Kd8
40. Nxb6 Nd6 41. Nc4 Nxb5 42. f4 Ke7 43. Nd2 Nd6 44. g4 h6 45. Nf3 g6 46. Kd4
Nb5+ 47. Kc5 Nc3 48. Kd4 Nd1 49. h4 h5 50. g5 Nb2 51. Ne5 Na4 52. Nc4 Kf8 53.
Na5 Nb6 54. Ke5 Nc8 55. Nc6 Kg7 56. Nd4 Ne7 57. Ke4 Nf5 58. Nf3 Kf8 59. Ke5 Ke7
60. Ke4 Nd6+ 61. Ke5 Nb5 62. Ke4 Nc3+ 63. Kd3 Nd5 64. Ke4 f5+ 65. Ke5 Nb4 66.
Kd4 Nc6+ 67. Kc5 Kd7 68. Nd2 e5 69. fxe5 Nxe5 70. Kd5 Nd3 71. Nf3 Ke7 72. Kd4
Nf4 73. Ke5 Ng2 74. Kd5 Ne3+ 75. Kd4 Ng4 76. Kd5 Kd7 77. Ne1 Nh2 78. Ke5 Ke7 79.
Kd5 Ng4 80. Nf3 Kd7 1/2-1/2

[Event "89th Hastings Masters 2013-14"]
[Site "Hastings ENG"]
[Date "2014.01.04"]
[Round "8.26"]
[White "Marusenko, Petr"]
[Black "Jaunooby, Ali R"]
[Result "1-0"]
[WhiteTitle "IM"]
[WhiteElo "2189"]
[BlackElo "2124"]
[WhiteFideId "14100606"]
[BlackFideId "413291"]
[EventDate "2013.12.28"]

1. d4 Nf6 2. c4 e6 3. Nc3 Bb4 4. e3 b6 5. Bd3 Bb7 6. Nf3 c5 7. O-O O-O 8. Bd2
cxd4 9. exd4 d5 10. Bg5 dxc4 11. Bxc4 Be7 12. Qe2 Nbd7 13. Rfd1 Re8 14. Rac1 a6
15. Bf4 Bf8 16. Bd3 Ra7 17. Ne5 b5 18. Qe3 b4 19. Na4 Nd5 20. Qh3 f5 21. Bg3
N7f6 22. Nc5 Ba8 23. Nxe6 Rxe6 24. Bxf5 g6 25. Bxe6+ Kg7 26. Rc8 Qa5 27. Ng4 h5
28. Nxf6 Nxf6 29. Be5 Be7 30. g4 Rd7 31. Bxd7 Qd5 32. Rxa8 Qxa8 33. g5 1-0

[Event "89th Hastings Masters 2013-14"]
[Site "Hastings ENG"]
[Date "2014.01.04"]
[Round "8.27"]
[White "Spanton, Tim R"]
[Black "Jackson, James P"]
[Result "0-1"]
[WhiteElo "2008"]
[BlackElo "2282"]
[WhiteFideId "404802"]
[BlackFideId "416860"]
[EventDate "2013.12.28"]

1. d4 Nf6 2. Nf3 c5 3. d5 e6 4. Nc3 b5 5. Bg5 b4 6. Ne4 Bb7 7. c4 bxc3 8. Nxc3
Qb6 9. e4 h6 10. Bf4 a6 11. Bc4 Be7 12. O-O O-O 13. Re1 exd5 14. exd5 Bd6 15.
Bxd6 Qxd6 16. Ne4 Nxe4 17. Rxe4 a5 18. Qd2 Na6 19. Rd1 Nc7 20. Nh4 f5 21. Re3
Qf4 22. Ng6 Qxc4 23. Nxf8 Rxf8 24. Rc3 Qb5 25. Rg3 f4 26. Rb3 Qa6 27. d6 Ne6 28.
Ra3 Nd4 29. Qxa5 Qxd6 30. Qd2 Qg6 0-1

[Event "89th Hastings Masters 2013-14"]
[Site "Hastings ENG"]
[Date "2014.01.04"]
[Round "8.28"]
[White "Kewes, Gerd"]
[Black "Oyama, Akito"]
[Result "0-1"]
[WhiteElo "2200"]
[BlackElo "1998"]
[WhiteFideId "4680588"]
[BlackFideId "7001630"]
[EventDate "2013.12.28"]

1. c4 e5 2. Nc3 Nc6 3. g3 Nf6 4. Bg2 Bc5 5. e3 d5 6. cxd5 Nb4 7. d4 exd4 8. exd4
Be7 9. a3 Nbxd5 10. Nf3 O-O 11. O-O c6 12. Qd3 Bg4 13. Bg5 Bxf3 14. Bxf3 Qd7 15.
Rfe1 Rad8 16. Nxd5 Nxd5 17. Bxe7 Nxe7 18. Red1 Nd5 19. b4 Rfe8 20. Rab1 Nf6 21.
Qc4 Re6 22. b5 cxb5 23. Rxb5 b6 24. a4 Rd6 25. d5 Qf5 26. Qb3 Nd7 27. a5 Rf6 28.
Bg2 Qxf2+ 29. Kh1 Re8 0-1

[Event "89th Hastings Masters 2013-14"]
[Site "Hastings ENG"]
[Date "2014.01.04"]
[Round "8.30"]
[White "ter Steeg, Marcus"]
[Black "Chlost, Marlena"]
[Result "1-0"]
[BlackTitle "WFM"]
[WhiteElo "1942"]
[BlackElo "2167"]
[WhiteFideId "24676799"]
[BlackFideId "1122657"]
[EventDate "2013.12.28"]

1. d4 d5 2. c4 c6 3. Nf3 Nf6 4. e3 Bg4 5. Qb3 Qb6 6. Nc3 e6 7. Nh4 Bh5 8. h3 g5
9. g4 gxh4 10. gxh5 Qxb3 11. axb3 Nxh5 12. c5 Nd7 13. b4 a6 14. b5 cxb5 15. Bxb5
Rc8 16. Bd3 Bh6 17. b4 f5 18. b5 axb5 19. Bxb5 Nf6 20. Ra7 Rb8 21. Bd2 Ke7 22.
Ke2 f4 23. exf4 Nh5 24. Rb1 Bxf4 25. Bxd7 Kxd7 26. Rbxb7+ Rxb7 27. Rxb7+ Kc8 28.
Re7 Bxd2 29. Kxd2 Nf4 30. Ke3 Nxh3 31. Rxe6 Ng5 32. Rh6 Re8+ 33. Kd3 Ne4 34.
Nxe4 Rxe4 35. Rxh7 Rf4 36. Rh5 Rxf2 37. Rxd5 h3 38. Rh5 h2 39. Rh7 Rg2 40. Kc4
Rd2 41. Kd5 Kb8 42. c6 Kc8 43. Kc5 Kb8 44. d5 Rg2 45. Rh6 Rf2 46. Rh8+ Ka7 47.
c7 Rc2+ 48. Kd6 Kb7 49. Rb8+ Ka6 50. Rb1 1-0

[Event "89th Hastings Masters 2013-14"]
[Site "Hastings ENG"]
[Date "2014.01.04"]
[Round "8.31"]
[White "Kvisla, Johannes Luangtep"]
[Black "Young, Mel J"]
[Result "0-1"]
[WhiteElo "2149"]
[BlackElo "1902"]
[WhiteFideId "1504533"]
[BlackFideId "410357"]
[EventDate "2013.12.28"]

1. e4 c5 2. Nc3 d6 3. f4 Nc6 4. Nf3 Nf6 5. Bc4 e6 6. d3 Be7 7. O-O O-O 8. Bb3
Rb8 9. Ne2 b5 10. c3 c4 11. Bc2 cxd3 12. Qxd3 e5 13. h3 Qc7 14. Ng3 Bd7 15. Qe2
Na5 16. Nf5 Bxf5 17. exf5 Rfe8 18. g4 exf4 19. Bxf4 Nc4 20. Qf2 Nd5 21. Bc1 Ne5
22. Nd4 b4 23. f6 Nxf6 24. Bf4 bxc3 25. bxc3 Qxc3 26. g5 Nh5 27. Bb3 Nxf4 28.
Qxf4 Bxg5 29. Qxg5 Qxd4+ 30. Kh1 Qe4+ 31. Qg2 Qxg2+ 32. Kxg2 g6 33. Rad1 Rb6 34.
Rd5 Kf8 35. Rfd1 Ke7 36. Rc1 Rb7 37. Rf1 f5 38. Kg3 Rc7 39. Ra5 Rec8 40. Rf4
Rc3+ 41. Kg2 R8c7 42. Rfa4 Nc6 43. Ra6 Rc5 44. Rf4 Ra5 45. Rxa5 Nxa5 46. Bd5 Rc5
47. Bg8 Kf8 48. Be6 Re5 49. Bd7 Re2+ 50. Kg3 Rxa2 51. Rb4 Ke7 52. Bc8 Ra3+ 53.
Kg2 Rc3 54. Ba6 Ke6 55. Rb8 Rc7 56. Re8+ Kd5 57. h4 Nc4 58. h5 gxh5 59. Bc8 Kd4
60. Kf3 d5 61. Be6 a5 62. Rd8 Ne3 63. Ra8 Re7 64. Bg8 Nc4 65. Kf4 h4 66. Rd8 Nd6
67. Rxd6 Kc5 68. Rh6 a4 69. Kxf5 Re4 70. Bxd5 Kxd5 71. Rb6 Rc4 72. Rb7 a3 73.
Ra7 Rc3 74. Rxh7 h3 75. Rd7+ Kc4 76. Ke4 a2 77. Ra7 h2 78. Rxa2 h1=Q+ 0-1

[Event "89th Hastings Masters 2013-14"]
[Site "Hastings ENG"]
[Date "2014.01.04"]
[Round "8.32"]
[White "Othman, Mustapha"]
[Black "Burnett, Jim"]
[Result "0-1"]
[WhiteElo "1914"]
[BlackElo "2138"]
[WhiteFideId "8500797"]
[BlackFideId "402273"]
[EventDate "2013.12.28"]

1. e4 e6 2. Nf3 d5 3. Nc3 Nf6 4. Bd3 Be7 5. O-O O-O 6. Re1 c5 7. b3 Nc6 8. e5
Nd7 9. Bb2 a6 10. a4 Qc7 11. Qe2 Nb4 12. h4 b6 13. Ba3 Nxd3 14. Qxd3 Re8 15. Ng5
Nf8 16. f4 Bb7 17. Qg3 Qc6 18. Rf1 h6 19. Nf3 b5 20. Bb2 bxa4 21. Rxa4 Qb6 22.
Ne2 Bc6 23. Raa1 a5 24. h5 a4 25. Nh4 axb3 26. Rxa8 Rxa8 27. cxb3 Ra2 28. Bc1
c4+ 29. Kh2 cxb3 30. f5 Bxh4 31. Qxh4 exf5 32. Rxf5 b2 33. Bxb2 Rxb2 34. Nf4 Qc7
35. d4 Qd7 36. Rf6 Ne6 37. Nxe6 fxe6 38. Qg4 Bb5 39. Rxh6 Bf1 40. Qxe6+ Qxe6 41.
Rxe6 Rxg2+ 42. Kh1 Rg4 43. h6 gxh6 44. Rxh6 Rxd4 45. Rg6+ Kh7 46. Rf6 Bc4 47.
Kg2 Re4 48. Kf3 Rxe5 0-1

[Event "89th Hastings Masters 2013-14"]
[Site "Hastings ENG"]
[Date "2014.01.04"]
[Round "8.33"]
[White "Stonehouse, Tom H"]
[Black "Sugden, John N"]
[Result "0-1"]
[WhiteElo "1772"]
[BlackElo "2138"]
[WhiteFideId "423092"]
[BlackFideId "402001"]
[EventDate "2013.12.28"]

1. e4 c5 2. Nf3 e6 3. d4 cxd4 4. Nxd4 a6 5. Be2 Nf6 6. Nc3 Qc7 7. O-O d6 8. Be3
Nbd7 9. f4 b5 10. Bf3 Bb7 11. Qe2 b4 12. Na4 Nxe4 13. f5 e5 14. Ne6 fxe6 15.
Bh5+ g6 16. fxg6 O-O-O 17. Rf7 hxg6 18. Bg4 Qc6 19. Bxe6 Qxa4 20. Raf1 Bc6 21.
Bb6 Bh6 22. Bxd8 Rxd8 23. Qg4 Nc5 24. b3 Qa5 25. Qxg6 Be3+ 26. Kh1 Nxe6 27. Qxe6
Bd5 0-1

[Event "89th Hastings Masters 2013-14"]
[Site "Hastings ENG"]
[Date "2014.01.04"]
[Round "8.34"]
[White "Low, Zhen Yu Cyrus"]
[Black "Brown, Thomas"]
[Result "1/2-1/2"]
[WhiteElo "1868"]
[BlackElo "2088"]
[WhiteFideId "5804175"]
[BlackFideId "1801430"]
[EventDate "2013.12.28"]

1. e4 c6 2. d4 d5 3. exd5 cxd5 4. Bd3 Nc6 5. c3 Qc7 6. h3 Nf6 7. Nf3 g6 8. O-O
Bg7 9. Re1 O-O 10. Bg5 Nh5 11. Qc1 f6 12. Be3 e5 13. Be2 e4 14. Nh2 f5 15. Bxh5
gxh5 16. Bf4 Qf7 17. h4 Ne7 18. Qd1 Ng6 19. Bd6 Rd8 20. Ba3 Nf4 21. Re3 Nd3 22.
Nf3 f4 23. Rxd3 exd3 24. Qxd3 Bf5 25. Qd2 Qg6 26. Qc1 Kh8 27. Be7 Re8 28. Bg5
Re4 29. Nbd2 h6 30. Nxe4 dxe4 31. Bxf4 exf3 32. g3 Bd3 33. Qe3 Be4 34. Re1 Re8
35. Be5 Bc6 36. Bxg7+ Kxg7 37. Qd2 Re2 38. Rxe2 fxe2 39. Qxe2 Qb1+ 40. Qf1 Qe4
41. Kh2 Qc2 42. Qe1 Be4 43. Qe3 Qb1 44. f3 Qc2+ 45. Kg1 Qb1+ 1/2-1/2

[Event "89th Hastings Masters 2013-14"]
[Site "Hastings ENG"]
[Date "2014.01.04"]
[Round "8.35"]
[White "Dennis, Nigel W"]
[Black "Obsieger, Hendrik"]
[Result "0-1"]
[WhiteElo "1848"]
[BlackElo "1873"]
[WhiteFideId "408913"]
[BlackFideId "12945137"]
[EventDate "2013.12.28"]

1. e4 e6 2. d4 d5 3. Nc3 Bb4 4. e5 c5 5. a3 Bxc3+ 6. bxc3 Ne7 7. Qg4 Qc7 8. Qxg7
Rg8 9. Qxh7 cxd4 10. Ne2 Nbc6 11. f4 dxc3 12. Qd3 d4 13. Nxd4 Nxd4 14. Qxd4 Bd7
15. Rb1 Nf5 16. Qf2 Bc6 17. Bb5 O-O-O 18. Bxc6 Qxc6 19. O-O Rg6 20. Qf3 Qc7 21.
Be3 Nh4 22. Qh3 Rxg2+ 23. Kh1 Rg6 24. f5 Qc6+ 25. Rf3 exf5 26. Rf1 Nxf3 27.
Qxf5+ Kb8 28. Qxf3 Qxf3+ 29. Rxf3 Rd1+ 0-1

[Event "89th Hastings Masters 2013-14"]
[Site "Hastings ENG"]
[Date "2014.01.04"]
[Round "8.36"]
[White "Staniforth, Matthew"]
[Black "Taylor, Adam C"]
[Result "0-1"]
[WhiteElo "1899"]
[BlackElo "2025"]
[WhiteFideId "1802593"]
[BlackFideId "424668"]
[EventDate "2013.12.28"]

1. e4 g6 2. c4 Bg7 3. Nc3 c5 4. g3 Nc6 5. Bg2 d6 6. Nge2 Nf6 7. O-O O-O 8. d3 a5
9. Be3 Ng4 10. Bg5 h6 11. Bc1 f5 12. h3 Nf6 13. exf5 Bxf5 14. g4 Bd7 15. Be3 e5
16. Qd2 g5 17. Ng3 Rb8 18. Nge4 Be6 19. Rae1 Qd7 20. Nxf6+ Bxf6 21. Nd5 Ne7 22.
Be4 Bxd5 23. cxd5 Kg7 24. f3 Ng6 25. Bf5 Qf7 26. Be6 Qc7 27. b4 b6 28. bxc5 bxc5
29. Rb1 Nh4 30. Kf2 Be7 31. Rxb8 Rxb8 32. Qc2 Qb6 33. Rc1 Qb2 34. Bd2 Qxc2 35.
Rxc2 Rf8 36. f4 exf4 37. Rb2 Bf6 38. Rb7+ Kg6 39. Bxa5 Bd4+ 40. Kf1 f3 41. Rd7
Rb8 42. Bf7+ Kf6 43. Bd8+ Ke5 44. Re7+ Kf4 45. Ba5 f2 0-1

[Event "89th Hastings Masters 2013-14"]
[Site "Hastings ENG"]
[Date "2014.01.04"]
[Round "8.37"]
[White "Taylor, Adam A"]
[Black "Bianco, Valerio"]
[Result "0-1"]
[WhiteElo "1983"]
[BlackElo "2151"]
[WhiteFideId "415790"]
[BlackFideId "800600"]
[EventDate "2013.12.28"]

1. Nf3 d5 2. c4 c6 3. b3 Nf6 4. g3 Bg4 5. Bg2 Nbd7 6. Bb2 e6 7. O-O Bd6 8. d3
O-O 9. Nbd2 h6 10. Qc2 a5 11. e4 dxe4 12. dxe4 Qc7 13. Rfe1 e5 14. Nh4 Rfe8 15.
h3 Be6 16. Nf5 Bf8 17. f4 Bc5+ 18. Kh1 exf4 19. e5 Nh5 20. Nd6 Nxg3+ 21. Kh2
Bxd6 22. exd6 Qxd6 23. Rad1 Qc7 24. Bf3 f6 25. Qg6 Nf8 26. Qc2 Bf5 27. Qc3 Rad8
28. c5 Re3 29. Qc4+ Kh7 30. Ne4 Rxd1 31. Nxf6+ gxf6 32. Rxd1 Rxf3 33. Bxf6 Ne4
34. Rd8 Rxh3+ 35. Kg1 Nxf6 36. Rxf8 Qg7+ 0-1

[Event "89th Hastings Masters 2013-14"]
[Site "Hastings ENG"]
[Date "2014.01.04"]
[Round "8.38"]
[White "Willson, Ollie"]
[Black "Pettersen, Joar Gullestad"]
[Result "1-0"]
[WhiteElo "1833"]
[BlackElo "2013"]
[WhiteFideId "424714"]
[BlackFideId "1505890"]
[EventDate "2013.12.28"]

1. d4 e6 2. g3 f5 3. Bg2 Nf6 4. Nf3 d5 5. O-O Bd6 6. c4 c6 7. b3 Qe7 8. Bb2 O-O
9. Nbd2 b6 10. Rc1 Bb7 11. Ne5 c5 12. e3 Nbd7 13. Ndf3 Rac8 14. Nd3 Ne4 15. Nfe5
Rfd8 16. Nxd7 Rxd7 17. dxc5 bxc5 18. Qc2 dxc4 19. bxc4 Rcd8 20. Rfd1 Bb8 21. Ba3
Qd6 22. f3 Qa6 23. Bxc5 Ng5 24. Ne1 Qc6 25. Ba3 Qa6 26. Rxd7 Rxd7 27. Qc3 Nf7
28. f4 Bxg2 29. Kxg2 Nd6 30. Bxd6 Qxd6 31. Nf3 Qc5 32. Rc2 Bc7 33. Qb3 h6 34.
Qb5 Bb6 35. Qxd7 Qxe3 36. Qd2 Qc5 37. Qe2 Qc6 38. Qe5 Kh7 39. Re2 Qxc4 40. Qxe6
Qd3 41. Nh4 1-0

[Event "89th Hastings Masters 2013-14"]
[Site "Hastings ENG"]
[Date "2014.01.04"]
[Round "8.40"]
[White "Halfhide, Sebastian"]
[Black "Brewer, Callum D"]
[Result "1/2-1/2"]
[WhiteElo "1916"]
[BlackElo "1693"]
[WhiteFideId "1045946"]
[BlackFideId "435309"]
[EventDate "2013.12.28"]

1. g3 Nf6 2. Nf3 d5 3. d4 Bg4 4. Bg2 c6 5. Ne5 Bh5 6. O-O e6 7. c4 Nbd7 8. Bg5
Be7 9. Nd2 Nxe5 10. dxe5 Nd7 11. Bxe7 Qxe7 12. Nf3 Bxf3 13. exf3 dxc4 14. f4 O-O
15. Qc2 Nb6 16. Rfd1 Rfd8 17. Bf1 Rxd1 18. Rxd1 Rd8 19. Rxd8+ Qxd8 20. Bxc4 Nxc4
21. Qxc4 Qd1+ 22. Kg2 Qd5+ 23. Qxd5 cxd5 24. Kf3 Kf8 25. g4 g6 26. Ke3 Ke7 27.
Kd4 Kd7 28. h4 Kc6 29. f3 h6 30. h5 gxh5 31. gxh5 b6 32. f5 Kd7 33. b3 a6 34. b4
b5 35. a3 Kc6 36. fxe6 fxe6 37. f4 Kd7 38. Kd3 Kc6 39. Kd4 Kd7 40. Kd3 Kc6 41.
Ke3 Kd7 1/2-1/2

[Event "89th Hastings Masters 2013-14"]
[Site "Hastings ENG"]
[Date "2014.01.04"]
[Round "8.41"]
[White "Clayton, Tristan"]
[Black "Flynn, David"]
[Result "1/2-1/2"]
[WhiteElo "1832"]
[BlackElo "1932"]
[WhiteFideId "416533"]
[BlackFideId "410594"]
[EventDate "2013.12.28"]

1. e4 e5 2. Nf3 Nf6 3. Nxe5 d6 4. Nf3 Nxe4 5. Nc3 Nxc3 6. dxc3 Be7 7. Bd3 Nc6 8.
Be3 Ne5 9. Nxe5 dxe5 10. Bb5+ c6 11. Bc4 Qxd1+ 12. Rxd1 Bf5 13. Bd3 Be6 14. b3
O-O 15. O-O f5 16. f3 a6 17. Bb6 Rac8 18. Rfe1 Bf6 19. c4 c5 20. a4 Rc6 21. Ba5
Re8 22. Bf1 b6 23. Bc3 Bc8 24. g3 Kf7 25. Bg2 g6 26. Rd5 Be6 27. Rdd1 Bc8 28.
Rd5 Be6 29. Rdd1 Bc8 1/2-1/2

[Event "89th Hastings Masters 2013-14"]
[Site "Hastings ENG"]
[Date "2014.01.04"]
[Round "8.42"]
[White "Macrae, James S"]
[Black "Witt, Holger"]
[Result "1/2-1/2"]
[WhiteElo "1736"]
[BlackElo "1648"]
[WhiteFideId "2401797"]
[BlackFideId "24678139"]
[EventDate "2013.12.28"]

1. d4 Nf6 2. Nf3 d5 3. Bg5 c6 4. Nbd2 Bg4 5. e3 Nbd7 6. Bd3 e6 7. O-O Be7 8. a3
O-O 9. b4 b5 10. c3 Bxf3 11. gxf3 Ne8 12. Bxe7 Qxe7 13. f4 f5 14. Kh1 Ndf6 15.
Be2 Nd6 16. f3 Rae8 17. Rg1 Qf7 18. a4 a6 19. axb5 axb5 20. Ra6 Qb7 21. Ra5 Ra8
22. Nb3 Nd7 23. Qc2 Nc4 24. Bxc4 bxc4 25. Rxa8 Rxa8 26. Na5 Qb5 27. Qg2 g6 28.
h4 Kg7 29. Qg5 Nf6 30. h5 Rh8 31. Rg2 Qa4 32. Kh2 Qb5 33. Kg3 Nxh5+ 34. Kf2 Nf6
35. Kg3 Nh5+ 36. Kf2 Nf6 37. Kg3 1/2-1/2

[Event "89th Hastings Masters 2013-14"]
[Site "Hastings ENG"]
[Date "2014.01.04"]
[Round "8.43"]
[White "McKenna, John R"]
[Black "Gunn, Michael J"]
[Result "0-1"]
[WhiteElo "1735"]
[BlackElo "1727"]
[WhiteFideId "406180"]
[BlackFideId "409030"]
[EventDate "2013.12.28"]

1. d4 e6 2. Nf3 Nf6 3. Bg5 Be7 4. Nbd2 d5 5. e3 Nbd7 6. Bd3 c6 7. c3 O-O 8. Ne5
Nxe5 9. dxe5 Nd7 10. Qh5 g6 11. Bxe7 Qxe7 12. Qh3 Nxe5 13. Bc2 f5 14. Qg3 Qg7
15. f3 Nd7 16. h4 h5 17. O-O-O e5 18. Rhe1 e4 19. Nb3 a5 20. Nd4 Nb6 21. fxe4
fxe4 22. Rf1 Bg4 23. Rde1 a4 24. Bd1 Bd7 25. Rf4 Rxf4 26. exf4 c5 27. Nc2 Nc4
28. Ne3 Nxe3 29. Qxe3 Qe7 30. g3 Bf5 31. Bc2 b5 32. Rd1 Rd8 33. Rd2 Qa7 34. Qe2
Qb6 35. Qe3 d4 36. cxd4 cxd4 37. Qg1 e3 38. Rd1 Qc5 39. Qg2 d3 0-1